[Event "VEM Münsterland 2023"]
[Site "Emsdetten"]
[Date "2023.06.11"]
[Round "5"]
[White "Wenning, Niels"]
[Black "Baumann, Stephan"]
[Result "1-0"]
[WhiteElo "1930"]
[BlackElo "2066"]

1. e4 e5 2. Nf3 Nc6 3. Bb5 Bc5 4. c3 Qf6 5. d4 exd4 6. e5 Qe7 7. O-O d3 8. Bg5
Qf8 9. Nbd2 h6 10. Bh4 g5 11. Bg3 a6 12. Ba4 b5 13. Bb3 Bb7 14. Ne4 Bb6 15.
Qxd3 O-O-O 16. a4 f5 17. exf6 Nxf6 18. Nxf6 Qxf6 19. axb5 axb5 20. Qxb5 Rdf8
21. Bd5 h5 22. h4 gxh4 23. Bxh4 Qd6 24. Ng5 Rhg8 25. Bxg8 Rxg8 26. Rfd1 Qf6 27.
Qd5 Rg7 28. Nf3 Qf8 29. Ne5 Nb8 30. Nxd7 Rxd7 31. Qxh5 Bc5 32. Rxd7 Kxd7 33.
Rd1+ Bd6 34. Qg4+ Kc6 35. Qa4+ Kb6 36. Ra1 Na6 37. c4 Qg7 38. Qb5+ Ka7 39. f3
Qh6 40. Bf2+ Kb8 41. Qe8+ Bc8 42. Qb5+ Bb7 43. g3 c6 44. Qb6 Nc7 45. Ra7 Kc8
46. Qxb7+ Kd7 47. Kg2 Bxg3 48. Bxg3 Qd2+ 49. Bf2 Qg5+ 50. Bg3 Qd2+ 51. Kh3 Qh6+
52. Kg4 Qg7+ 53. Kf5 Qf7+ 54. Ke5 Qg7+ 55. Ke4 Qg6+ 56. Kd4 Qg7+ 57. Be5 Qg1+
58. Kc3 Qe3+ 59. Kb4 Qxe5 60. Qxc7+ 1-0

[Event "VEM Münsterland 2023"]
[Site "Emsdetten"]
[Date "2023.06.11"]
[Round "5"]
[White "Müller, Achim"]
[Black "Gesing, Felix"]
[Result "0-1"]
[WhiteElo "2103"]
[BlackElo "2045"]

1. e4 d6 2. d4 Nf6 3. Nc3 Nbd7 4. f4 e5 5. Nf3 exd4 6. Qxd4 c6 7. Be3 d5 8. e5
Ng4 9. Bg1 Bc5 10. Qd2 Bxg1 11. Rxg1 Nh6 12. O-O-O b5 13. Nxd5 cxd5 14. Qxd5
Rb8 15. Bxb5 Rxb5 16. Qxb5 O-O 17. Rge1 Qc7 18. Nd4 Nc5 19. Nc6 Ne6 20. g3 a6
21. Qa4 Nc5 22. Qc4 Qxc6 23. Rd5 Nd3+ 24. cxd3 Qb7 25. Rc5 Be6 26. Qc3 Nf5 27.
Re4 h5 28. Rc7 Qd5 29. b3 Rd8 30. Rc5 Qb7 31. Kb2 Qa7 32. Qa5 Rxd3 33. Qc7 Qa8
34. Re2 Qf3 35. Qb8+ Kh7 36. Rec2 Ne3 37. Rc1 Rd2+ 38. Ka3 Qf2 0-1

[Event "VEM Münsterland 2023"]
[Site "Emsdetten"]
[Date "2023.06.11"]
[Round "5"]
[White "Schulze Schwering, Philipp"]
[Black "Wienen, Herrmann"]
[Result "1-0"]
[WhiteElo "2005"]
[BlackElo "2026"]

1. d4 Nf6 2. Nf3 d5 3. g3 g6 4. Bg2 Bg7 5. O-O O-O 6. c4 c6 7. b3 Nbd7 8. Bb2
Re8 9. Nc3 Nb6 10. Ne5 Be6 11. c5 Nbd7 12. Nd3 Bf5 13. Nb1 e5 14. e3 e4 15. Nf4
Qe7 16. Nd2 Bg4 17. Ne2 Qe6 18. Re1 Qf5 19. Qc2 Bh6 20. Nc3 Bh3 21. Nf1 Nf8 22.
f4 exf3 23. Qxf5 Bxf5 24. Bxf3 Bd3 25. Bc1 Ne6 26. Be2 Bf5 27. b4 Bh3 28. a4
Ng4 29. b5 Bxf1 30. Bxg4 Bd3 31. Be2 Bxe2 32. Rxe2 Ng5 33. a5 Ne4 34. Nxe4 Rxe4
35. a6 Rb8 36. b6 bxa6 37. bxa7 Ra8 38. Rxa6 Re7 39. Rea2 Rb7 40. Bd2 Kf8 41.
Kf2 Ke8 42. g4 Bg5 43. Ke2 Kd7 44. e4 Bxd2 45. exd5 Rb1 46. dxc6+ Kc7 47. Rxd2
1-0

[Event "VEM Münsterland 2023"]
[Site "Emsdetten"]
[Date "2023.06.11"]
[Round "5"]
[White "Hoge, Reinhard"]
[Black "Meyer, Ulrich"]
[Result "0-1"]
[WhiteElo "2017"]
[BlackElo "1857"]

1. d4 d5 2. c4 e6 3. Nc3 Nf6 4. Bg5 Be7 5. e3 O-O 6. Nf3 Ne4 7. Bxe7 Qxe7 8.
Bd3 Nxc3 9. bxc3 dxc4 10. Bxc4 b6 11. Qd3 Bb7 12. O-O Nd7 13. e4 Rfd8 14. Qe3
h6 15. Bd3 Rac8 16. c4 c5 17. d5 exd5 18. cxd5 Ne5 19. Nxe5 Qxe5 20. Rad1 Re8
21. Bb5 Red8 22. f4 Qe7 23. Rfe1 a6 24. Bf1 b5 25. g3 c4 26. Bg2 Qc5 27. Bh3
Qxe3+ 28. Rxe3 Rc5 29. d6 Bc6 30. e5 c3 31. f5 c2 32. Rc1 b4 33. Re2 Ba4 34.
Bg2 f6 35. exf6 Rxd6 0-1

[Event "VEM Münsterland 2023"]
[Site "Emsdetten"]
[Date "2023.06.11"]
[Round "5"]
[White "Baran Alan, Ada"]
[Black "Lerke, Bernd"]
[Result "1/2-1/2"]
[WhiteElo "1099"]
[BlackElo "1921"]

1. e4 e6 2. d4 c5 3. Nf3 cxd4 4. Nxd4 a6 5. Nc3 Qc7 6. Bd3 b5 7. O-O Bb7 8. Re1
Bd6 9. h3 Be5 10. Nce2 Nc6 11. c3 g6 12. f4 Bg7 13. e5 Nge7 14. Be4 Rd8 15.
Nxc6 dxc6 16. Qc2 O-O 17. Be3 Rd7 18. Bc5 Rfd8 19. Nd4 Bf8 20. Rad1 Nf5 21.
Bxf8 Kxf8 22. Nxf5 gxf5 23. Bf3 c5 24. Rxd7 Rxd7 25. Bxb7 Qxb7 26. Rd1 Kg7 27.
Rxd7 Qxd7 28. Qf2 Qd5 29. a3 Qd1+ 30. Kh2 Qc1 31. Kg3 c4 32. Qe2 Qb1 33. Qd2
Qe4 34. Kf2 h6 35. Qe3 Qc2+ 1/2-1/2

[Event "VEM Münsterland 2023"]
[Site "Emsdetten"]
[Date "2023.06.11"]
[Round "5"]
[White "Boldrick, Marcel"]
[Black "Gatterdam, Karl-Heinz"]
[Result "1/2-1/2"]
[WhiteElo "1746"]
[BlackElo "1720"]

1. e4 e5 2. Nf3 Nc6 3. d4 exd4 4. Bc4 Nf6 5. Ng5 d5 6. exd5 Na5 7. Qxd4 Nxc4 8.
Qxc4 Bd6 9. Qe2+ Qe7 10. Qxe7+ Bxe7 11. c4 h6 12. Nf3 Bf5 13. Be3 O-O 14. O-O
Rfe8 15. Rd1 Rad8 16. Nc3 a6 17. Nd4 Bg6 18. a3 Bd6 19. b4 Ng4 20. Re1 Bxh2+
21. Kh1 Be5 22. Rad1 Nxe3 23. Rxe3 Bxd4 24. Rxd4 Kf8 25. Ne4 Bxe4 26. Rdxe4
Rxe4 27. Rxe4 Re8 1/2-1/2